Soil testing: Correlating and interperting the analytical results. (Record no. 32075)

MARC details
000 -LEADER
fixed length control field 00403nam a2200133Ia 4500
082 ## - DEWEY DECIMAL CLASSIFICATION NUMBER
Classification number 631.42
Item number STE
245 #0 - TITLE STATEMENT
Title Soil testing: Correlating and interperting the analytical results.
260 ## - PUBLICATION, DISTRIBUTION, ETC. (IMPRINT)
Place of publication Madison
Name of publisher American soc of agronomy
Year of publication 1978
490 ## - SERIES STATEMENT
Series statement ASA Special publication; no 29
650 ## - SUBJECT ADDED ENTRY--TOPICAL TERM
Topical Term Soil testing
700 ## - ADDED ENTRY--PERSONAL NAME
Personal name STELLY, Matthias
942 ## - ADDED ENTRY ELEMENTS (KOHA)
Koha item type Books
Holdings
Withdrawn status Lost status Damaged status Not for loan Home library Current library Date acquired Full call number Accession Number Koha item type
        RRII Library RRII Library 16/12/2021 631.42 STE 12601 Books